01085pab a2200157 454500008004000000100001800040245011500058260000900173300001500182362000800197520060300205650002100808650002000829650002600849773005200875180718b2013 xxu||||| |||| 00| 0 eng d aPagnou, Sasso aThe role played by the judicial review in good governance process linked to decentralization: The case of Togo c2013 ap.563-579. aSep aJudicial review of local authoritiesメ actions is necessary for the success of the process of decentralization as it allows conciliation of the principle of legality and the principle of free administration as elements of good governance. The judicial review joins thus a general movement of transformations aiming to strengthen democracy and the efficiency of public actions. It is then necessary to give to this control a definition adapted to this general context, an operating definition letting appear institutional reforms that must join this general movement of transformations. - Reproduce aDecentralization aGood governance aPublic administration aInternational Review of Administrative Sciences